| Tag |
First Indicator |
Second Indicator |
Subfields |
| LEADER |
00000cam a2200000 4500 |
| 001 |
in00000326521 |
| 005 |
20151010161656.0 |
| 008 |
771220s1963 ncu 00000 eng |
| 010 |
|
|
|a 63063730
|
| 035 |
|
|
|a (OCoLC)03502628
|
| 035 |
|
|
|9 ABJ5734AM
|
| 040 |
|
|
|a DLC
|c NMW
|d TXA
|d UtOrBLW
|
| 049 |
|
|
|a TXAM
|c [1476878]
|
| 050 |
0 |
0 |
|a F257
|b .C27
|
| 100 |
1 |
|
|a Camp, Cordelia,
|d 1889-
|
| 245 |
1 |
4 |
|a The influence of geography upon early North Carolina /
|c by Cordelia Camp.
|
| 264 |
|
1 |
|a Raleigh, N.C. :
|b Carolina Charter Tercentenary Commission,
|c 1963.
|
| 300 |
|
|
|a 31 pages :
|b illustrations ;
|c 24 cm.
|
| 336 |
|
|
|a text
|b txt
|2 rdacontent
|
| 337 |
|
|
|a unmediated
|b n
|2 rdamedia
|
| 338 |
|
|
|a volume
|b nc
|2 rdacarrier
|
| 651 |
|
0 |
|a North Carolina
|x History
|y Colonial period, ca. 1600-1775.
|
| 650 |
|
0 |
|a Human geography
|z North Carolina.
|
| 710 |
2 |
|
|a Carolina Charter Tercentenary Commission (Raleigh, N.C.)
|
| 999 |
|
|
|a MARS
|
| 999 |
f |
f |
|s c6b1afab-2faa-3b98-86bc-af90f28f1678
|i dad29ae2-8be0-3dea-a2da-7ec658be65b1
|t 0
|
| 952 |
f |
f |
|p noncirc
|a Texas A&M University
|b College Station
|c Cushing Memorial Library & Archives
|d Cushing: Kelsey Americana (Does not check out)
|t 0
|e F257 .C27
|h Library of Congress classification
|i unmediated -- volume
|
| 952 |
f |
f |
|p ric
|a Texas A&M University
|b Rellis Campus
|c Joint Library Facility
|d Remote Storage
|t 0
|e F257 .C27
|h Library of Congress classification
|i unmediated -- volume
|m A14802283059
|
| 998 |
f |
f |
|a F257 .C27
|t 0
|l Cushing: Kelsey Americana (Does not check out)
|
| 998 |
f |
f |
|a F257 .C27
|t 0
|l Remote Storage
|